000 00224nam a22001097a 4500
999 _c12921
_d12921
082 _a891.439
100 _aDhool, Mushtaq Ahmed
245 _aSafar Ki Dhool
260 _aPakistan
_c2015
300 _a176 pages.
942 _cBK